00834cam a2200253 a 4500001000800000005001700008008004100025010001700066020003600083040001800119041001300137050001900150082001200169100001100181240002700192245012200219260004800341300002700389504005100416600001400467650002500481700004400506700003000550400094920200421093817.0961223s1997 inu b 001 0deng  a 96053280  a0872203492 (cloth : alk. paper) aDLCcDLCdDLC1 aenghgrc00aB358b.C3 199700a1842210 aPlato.10aWorks.lEnglish.f199710aComplete works /cPlato ; edited, with introduction and notes, by John M. Cooper ; associate editor, D.S. Hutchinson. aIndianapolis, Ind. :bHackett Pub.,cc1997. axxx, 1808 p. ;c24 cm. aIncludes bibliographical references and index.00aSocrates. 0aPhilosophy, Ancient.1 aCooper, John M.q(John Madison),d1939-1 aHutchinson, D. S.,d1955-